| Поле | Инд. | ПП | Название | Значение |
|---|---|---|---|---|
| Тип записи | a | |||
| Библиографический уровень | b | |||
| 001 | Контрольный номер | RU/IS/BASE/290001719 | ||
| 005 | Дата корректировки | 20200522191310.5 | ||
| 008 | Кодируемые данные | 20090310 | ||
| 040 | b | Код языка каталог. | rus | |
| e | Правила каталог. | PSBO | ||
| 041 | 0_ | a | Код языка текста | rus |
| 084 | a | Индекс другой классификации/Индекс ББК | 81.432.1-2 | |
| 100 | 1_ | a | Автор | Долгина Е. А. |
| 245 | 10 | a | Заглавие | Комплекс "артикль+существительное" в составе "связанных" словосочетаний: когнитивный анализ |
| 504 | a | Библиография | Библиогр. - Примеч.: с. 76 | |
| 650 | 14 | a | Основная рубрика | английский язык |
| a | Основная рубрика | грамматика | ||
| a | Основная рубрика | филологические науки | ||
| a | Основная рубрика | частное языкознание | ||
| a | Основная рубрика | языкознание | ||
| 653 | 0_ | a | Ключевые слова | артикль |
| a | Ключевые слова | идиомы | ||
| a | Ключевые слова | когнитивная лингвистика | ||
| a | Ключевые слова | когнитивный анализ | ||
| a | Ключевые слова | метафоризация | ||
| a | Ключевые слова | служебные части речи | ||
| a | Ключевые слова | существительное | ||
| a | Ключевые слова | фразеологизмы | ||
| a | Ключевые слова | части речи | ||
| a | Ключевые слова | языковое абстрагирование | ||
| 773 | 08 | t | Заглавие источника | Вестник Московского университета. Серия 9, Филология |
| d | Дата издания источника | 2008 | ||
| g | Прочая информация | № 5. - С. 66 - 76 | ||
| w | Контрольный № источника | RU/IS/BASE/288361571 | ||
| 901 | t | Тип документа | b |